000 00553 a2200205 4500
001 065909
003 OSt
005 20251209120022.0
008
082 _a515.9
_bZ65F
100 1 _aZill, Denis G.
245 1 _aA first course in complex analysis with application
_cBy Denis G. Zill And P.d. Shanahan
250 _a2nd ed.
260 _aNew Delhi
_bJones & Bartlett
_c2010
300 _a405p.
500 _aEnglish
690 _aFunctions of complex variables
700 _aShanahan, P.D.
942 _2ddc
_cBK
999 _c162
_d162